000 00661nam a2200241Ia 4500
003 OSt
005 20221005083924.0
006 a|||||r|||| 00| 0
007 ta
008 221004b |||||||| |||| 00| 0 eng d
024 _a65218
037 _cTextual
040 _aCRL
_cCRL
_beng
041 _2eng
_aeng
082 _aX:326, M4
100 _aSchott Kerry
245 0 _aPolicy, power and order
_b The persistence of economic problems in capitalist states
260 _aNew Haven
_bYale Univ. Press
_c1984
300 _a206p.
_ccm.
650 _aECONOMICS
942 _hX:326, M4
_cTEXL
_2cc
999 _c991751
_d991751